00475nam a22001571a 45000010005000000030004000050050017000090080041000260500020000670820020000871000016001072450094001232640028002173000010002456500062002551022OSt20260204211718.0040115s2000||||dr ||||||b||||||||||spa|| aRD 378.12 M428c aRD 378.12 M428c aMatos, Luis aComo ser mejor profesor universitario: Perfil del profesor universitario hoy / Luis Matos aSanto Domingo : Susaeta a99 p. a1.Profesores Universitario 2.Educación UniversitariaÌ